Statistiques concernant Culture Générale - Série 953

Cliquez ici pour prendre le quiz!

Statistiques générales

  • Ce quiz a été pris 107 fois
  • Le résultat moyen est 7 sur 10

Statistiques - réponses

QuestionRéponse% Correct
Avec quel très long organe le caméléon capture-t-il les insectes ?langue
96%
Sur quel continent se trouve le Suriname ?Amérique
95%
Quel nom porte le jeu d'adresse qui consiste à lancer et à rattraper cinq pièces en forme d'os ?osselets
83%
D'après l'expression, quel fruit faut-il garder pour la soif ?poire
74%
Sous quel autre nom connaît-on le chanteur de reggae Robert Nesta ?Bob Marley
66%
Selon Claude Nougaro, “quand le jazz est là”, quelle danse s'en va ?java
62%
Au sein de quel groupe de rock Eddy Mitchell a-t-il fait ses débuts ?Les Chaussettes noires
61%
Par quel nom composé invariable désigne-t-on un arrêt officiel des combats ?cessez-le-feu
52%
Comment appelle-t-on l'occupant d'un vaisseau spatial chinois ?Taïkonaute
43%
Quel plat fait de poissons cuisinés dans du vin tire son nom d'un synonyme de "marin" ?matelote
20%

Distribution des résultats

Percentile par nombre de réponses

% des personnes avec chaque résultat

Votre développement - résultats

Vous n’avez pas pris ce quiz